000 00915cam a22003017a 4500
003 CHAP
005 20220329140235.0
008 971013s1967 r 00010 d
010 _a49085
011 _a50057
035 _a54207
040 _cCHAP
082 _a658
_bP48
100 0 0 _aPetit, Thomas A.
_987638
245 1 4 _aThe moral crisis in management
260 _aNew York :
_bMcGraw-Hill,
_c1967
300 _a180 p.
490 0 _aMcGraw-Hill series in management
590 _aBATCH-UPD
_b10
_c20130110
_lUCH01
_h0524
590 _aBATCH-UPD
_b10
_c20130410
_lUCH01
_h0203
590 _aBATCH-UPD
_b10
_c20130913
_lUCH01
_h1943
590 _aCONVERSION
_b10
_c20130109
_lUCH01
_h1327
650 1 4 _aAdministración de empresas.
_9922
830 0 _aMcGraw-Hill series in management
_973563
901 _aBK
942 _cLIBRO
949 _a658 P48
_bBC
_cLIBRO
_d33724000127569
_eLIBRO
_h41626
_i54207
_si
_t114.00
999 _c49085
_d49085